000 01049nam a22002417a 4500
999 _c840
_d840
003 AR-CdUCM
008 190225b ||||| |||| 00| 0 spa d
040 _aMUNICIPALIDAD PROVINCIAL DEL CUSCO
_cBIBLIOTECA MUNICIPAL DEL CUSCO
082 _a985.073 /
_bP363
_22ed.
100 _aPease García, Henry
_93185
245 _aLos Caminos del Poder :
_bTres años de crisis el en escena política /
260 _aPerú :
_bLumen, S. A,
_c1979.
300 _a363 páginas ;
_bCuadros,
_c20 cm.
505 _aLos límites del proyecto Velasquista -- El lento curso del viraje -- Las jornadas de Mayo 78 -- Coyuntura electoral de Junio del 78 entre las elecciones y una nueva convivencia -- Las alternativas del campo burgués en el periodo de la asamblea constituyente (1978-79)
650 _aMovimiento nacional Odriísta
_93186
650 _aPolítica económica
_91407
650 _aReformas
_93187
650 _aVelasco
_93188
650 _aGolpe del 29 de Agosto
_93189
710 _aDESCO
_93190
942 _2ddc
_cLIBROS
945 _anom
_d2019-02-25